000
01638nam0 2200277 450
001
012021000165
005
20210316172903.8
010
@ a978-7-111-65332-5@ dCNY159.00
100
@ a20200825d2020 em y0chiy50 ea
101
1
@ achi@ ceng
102
@ aCN@ b110000
105
@ aa z 000yy
106
@ ar
200
1
@ a景观设计视觉表现@ Ajing guan she ji shi jue biao xian@ f(美) 娜迪娅·阿莫罗索主编@ d= Representing landscapes@ ea visual collection of landscape architectural drawings@ fNadia Amoroso@ g潘亮译@ zeng
210
@ a北京@ c机械工业出版社@ d2020.7
215
@ ax, 244页@ c图 (部分彩图)@ d25cm
306
@ a本书原版由Taylor & Francis出版集团旗下, Routledge出版公司出版, 并经其授权翻译出版 本书中文简体翻译版授权由机械工业版社独家出版并在限在中国大陆地区销售
314
@ a潘亮, 资深城市设计师, 华为技术有限公司首席园建专家。
330
@ a娜迪娅·阿莫罗索 (Nadia Amoroso) 将一系列采用了不同绘图风格和手法技巧, 信息量丰富且引人注目的草图编辑成书供景观设计学专业学生和城市设计专业学生来学习。更重要的是, 她希望本书可以更好地激发出学生的灵感。这些图片有着极强的视觉化表现理念和极具震撼力的表达性, 可以说都非常成功, 有超过20个著名的专业机构在收集它们时提供了帮助。这些机构的教授们也给出了他们对这些作品详细、独到的点评, 并解释了在运用不同媒介表现相同景观时所产生的影响力和冲击力。
500
10
@ aRepresenting landscapes : a visual collection of landscape architectural drawings@ mChinese
606
0
@ a景观设计@ Ajing guan she ji
690
@ aTU986@ v5
701
1
@ a阿莫罗索@ Aa mo luo suo@ g(Amoroso, Nadia)@ 4主编
702
0
@ a潘亮@ Apan liang@ 4译
801
0
@ aCN@ bCDNYKJZYXY@ c20210316
905
@ aCDNYKJZYXY@ b300610246-8@ dTU986@ e1314@ f3
景观设计视觉表现/(美) 娜迪娅·阿莫罗索主编= Representing landscapes:a visual collection of landscape architectural drawings/Nadia Amoroso/潘亮译.-北京:机械工业出版社,2020.7
x, 244页:图 (部分彩图);25cm
ISBN 978-7-111-65332-5:CNY159.00
娜迪娅·阿莫罗索 (Nadia Amoroso) 将一系列采用了不同绘图风格和手法技巧, 信息量丰富且引人注目的草图编辑成书供景观设计学专业学生和城市设计专业学生来学习。更重要的是, 她希望本书可以更好地激发出学生的灵感。这些图片有着极强的视觉化表现理念和极具震撼力的表达性, 可以说都非常成功, 有超过20个著名的专业机构在收集它们时提供了帮助。这些机构的教授们也给出了他们对这些作品详细、独到的点评, 并解释了在运用不同媒介表现相同景观时所产生的影响力和冲击力。
●
正题名:景观设计视觉表现
索取号:TU986/1314
 
预约/预借
序号
登录号
条形码
馆藏地/架位号
状态
备注
1
610246
300610246
柳城-5楼/46架5列4层/
[索取号:TU986/1314]
在馆
2
610247
300610247
柳城-5楼/46架5列4层/
[索取号:TU986/1314]
在馆
3
610248
300610248
柳城-5楼/46架5列4层/
[索取号:TU986/1314]
在馆